| 000 | 01018nam2a2200217 4500 | ||
|---|---|---|---|
| 001 | rc\2885374 | ||
| 005 | 20260315052623.0 | ||
| 035 | _a(NLR Aleph) 007037967 | ||
| 090 |
_a13586537 _c13586537 |
||
| 100 | _a20110722d1929 u y0rusy50 ca | ||
| 101 | 0 | _arus | |
| 102 | _aRU | ||
| 105 | _ay z ||||| | ||
| 200 | 0 | _aУрок 1 | |
| 210 | _d1929 | ||
| 461 | 0 |
_1001rc\2885373 _12000#$aПсихофизиология труда$fА.П. Бружес$gНКП РСФСР. Главпрофобр. Бюро заоч. курсов при Московском текстильном ин-те. Курсы тех. нормирования$vУрок 1 _96068696 _aМосковский текстильный институт. Сектор заочного обучения _cМосква _d1929 _fА.П. Бружес _nБюро заоч. курсов при МТИ _tПсихофизиология труда _vУрок 1 |
|
| 801 | 0 |
_aRU _bNLR _gpsbo |
|
| 801 | 1 |
_aRU _bELAR _2rusmarc |
|
| 852 |
_aNLR _j30.18/197 |
||
| 942 | _cUNSPEC | ||
| 980 | _aNB | ||